[Event "CAN-ch"]
[Site "Richmond CAN"]
[Date "2002.03.29"]
[Round "9.12"]
[White "Ristovic, Nenad"]
[Black "Haessel, Dale"]
[Result "1/2-1/2"]
[WhiteElo "2346"]
[BlackElo "2263"]
[PlyCount "116"]
[EventDate "2002.03.21"]
[EventType "swiss"]
[EventRounds "11"]
[EventCountry "CAN"]

1. d4 Nf6 2. c4 g6 3. Nc3 d5 4. Bf4 Bg7 5. e3 O-O 6. Nf3 c6 7. h3 Nbd7 8. cxd5
Nxd5 9. Nxd5 cxd5 10. Bd3 Nf6 11. O-O Qb6 12. Qc2 Bd7 13. Rfc1 Bb5 14. Bxb5
Qxb5 15. Qc5 Qxb2 16. Qxe7 Ne4 17. Rf1 Bf6 18. Qd7 Rfd8 19. Qa4 Nc3 20. Qb3
Ne2+ 21. Kh2 Qxb3 22. axb3 Nxf4 23. exf4 a6 24. Rac1 Rac8 25. Rfe1 Rxc1 26.
Rxc1 Rd6 27. Ne5 Bd8 28. Rc8 f6 29. Nd3 Kf7 30. Nc5 Be7 31. Nxb7 Rb6 32. Rc7
Ke6 33. Nc5+ Bxc5 34. dxc5 Rxb3 35. Rc6+ Kf5 36. Rxa6 Rc3 37. Rc6 d4 38. Rd6 d3
39. Rd4 Rxc5 40. g4+ Ke6 41. Rxd3 h5 42. Kg3 hxg4 43. hxg4 f5 44. f3 Rc6 45.
Ra3 Rc7 46. Ra6+ Kf7 47. Kh4 fxg4 48. fxg4 Rc5 49. Ra7+ Kf8 50. Kg3 Rc3+ 51.
Kf2 Rb3 52. Rd7 Ra3 53. Rd2 Kf7 54. Re2 Rb3 55. Re3 Rb4 56. Kf3 Ra4 57. Rd3 Rb4
58. Ke3 g5 1/2-1/2

[Event "CAN-ch"]
[Site "Richmond CAN"]
[Date "2002.03.29"]
[Round "9.13"]
[White "Patterson, Roger"]
[Black "Milicevic, Dragoljub"]
[Result "1-0"]
[WhiteElo "2214"]
[BlackElo "2323"]
[PlyCount "77"]
[EventDate "2002.03.21"]
[EventType "swiss"]
[EventRounds "11"]
[EventCountry "CAN"]

1. e4 d6 2. d4 Nf6 3. Nc3 g6 4. f4 Bg7 5. Nf3 O-O 6. Bd3 e6 7. O-O Nc6 8. Bd2
Ne7 9. Qe1 b6 10. Qh4 c5 11. Rae1 cxd4 12. Nxd4 Nd7 13. Be3 Bf6 14. Qf2 Nc5 15.
Be2 Bb7 16. Bf3 d5 17. e5 Bg7 18. Rd1 Ba6 19. Rfe1 Qd7 20. g4 f6 21. exf6 Rxf6
22. b4 Rf7 23. bxc5 bxc5 24. Nxe6 Bxc3 25. Nxc5 Qc6 26. Nxa6 Bxe1 27. Rxe1 Qxa6
28. Bc5 Qc4 29. Rxe7 Rxf4 30. Bd6 Rf6 31. Be5 Raf8 32. Bxf6 Rxf6 33. Bxd5+ Qxd5
34. Qxf6 Qd1+ 35. Kf2 Qxc2+ 36. Re2 Qc5+ 37. Kg3 Qg1+ 38. Kh3 Qf1+ 39. Qxf1 1-0

[Event "CAN-ch"]
[Site "Richmond CAN"]
[Date "2002.03.29"]
[Round "9.14"]
[White "Sokourinski, Sergei"]
[Black "Sladek, Vaclav"]
[Result "1-0"]
[WhiteElo "2266"]
[BlackElo "2085"]
[PlyCount "119"]
[EventDate "2002.03.21"]
[EventType "swiss"]
[EventRounds "11"]
[EventCountry "CAN"]

1. d4 d5 2. Nf3 Nf6 3. c4 c6 4. cxd5 cxd5 5. Nc3 Nc6 6. Bf4 Ne4 7. e3 Nxc3 8.
bxc3 g6 9. Be2 Bg7 10. O-O O-O 11. Nd2 Re8 12. Rb1 e5 13. Bg3 a6 14. a4 Qe7 15.
Bf3 Bf5 16. Bxd5 Bxb1 17. Qxb1 Rad8 18. Bf3 exd4 19. cxd4 Na5 20. Qb6 Nc6 21.
Rb1 Nxd4 22. exd4 Rxd4 23. Nf1 Rxa4 24. Bxb7 Ra1 25. Rxa1 Bxa1 26. Bxa6 Be5 27.
Bxe5 Qxe5 28. Bc4 Kg7 29. g3 h6 30. Ne3 Rb8 31. Qc6 h5 32. h4 Re8 33. Bd5 Qa1+
34. Kg2 Qe5 35. Bf3 Re6 36. Qc2 Re7 37. Nd5 Rd7 38. Qc4 Ra7 39. Qb3 Rd7 40. Qa2
Rd6 41. Qa8 Rd7 42. Qa2 Rd6 43. Nf4 Rd7 44. Bd5 Re7 45. Qb3 Qf6 46. Nh3 Qe5 47.
Ng5 f6 48. Ne6+ Kh7 49. Nf4 Rg7 50. Qc2 f5 51. Qc6 Qc7 52. Qb5 Qd6 53. Qd3 Rd7
54. Qc4 Rc7 55. Qa2 Rd7 56. Kh2 Rg7 57. Qa8 Qe5 58. Nh3 Re7 59. Qg8+ Kh6 60.
Ng5 1-0

[Event "CAN-ch"]
[Site "Richmond CAN"]
[Date "2002.03.29"]
[Round "9.15"]
[White "Leblanc, Paul"]
[Black "Kret, Ted"]
[Result "0-1"]
[WhiteElo "2085"]
[BlackElo "2190"]
[PlyCount "60"]
[EventDate "2002.03.21"]
[EventType "swiss"]
[EventRounds "11"]
[EventCountry "CAN"]

1. d4 g6 2. Nf3 Bg7 3. e3 d6 4. b3 Nd7 5. Bb2 c5 6. c3 Ngf6 7. Nbd2 O-O 8. g3
e5 9. dxe5 Nxe5 10. Nxe5 dxe5 11. Bg2 Bg4 12. Bf3 Qd7 13. Bxg4 Nxg4 14. Qe2
Rfd8 15. f3 Nf6 16. c4 e4 17. Rd1 Qe6 18. O-O exf3 19. Qxf3 Ng4 20. Bxg7 Kxg7
21. Rfe1 b6 22. Nf1 Rxd1 23. Rxd1 Re8 24. Kh1 h5 25. h4 Re7 26. Rd2 Nxe3 27.
Re2 Qh3+ 28. Nh2 Ng4 29. Qc3+ Kg8 30. Rg2 Nxh2 0-1

[Event "CAN-ch"]
[Site "Richmond CAN"]
[Date "2002.03.29"]
[Round "9.16"]
[White "Hladek, David"]
[Black "Bogle, Bill"]
[Result "0-1"]
[WhiteElo "2063"]
[BlackElo "2164"]
[PlyCount "70"]
[EventDate "2002.03.21"]
[EventType "swiss"]
[EventRounds "11"]
[EventCountry "CAN"]

1. d4 Nf6 2. Nf3 d5 3. g3 c5 4. Bg2 Nc6 5. O-O e6 6. c4 dxc4 7. Qa4 Bd7 8. Qxc4
cxd4 9. Nxd4 Rc8 10. Nc3 Be7 11. Rd1 Na5 12. Qd3 O-O 13. b3 a6 14. Bb2 Qb6 15.
Rab1 Rfd8 16. Qf3 Nc6 17. Na4 Qa5 18. e3 b5 19. Bc3 Qc7 20. Nxc6 Bxc6 21. Qxc6
Qxc6 22. Rxd8+ Bxd8 23. Bxc6 Rxc6 24. Bxf6 Bxf6 25. Nb2 Rc2 26. Nd3 Rd2 27. Nb4
a5 28. Nc6 Rxa2 29. b4 a4 30. Na7 Ra1 31. Rxa1 Bxa1 32. Nxb5 Bb2 33. Kf1 a3 34.
Nxa3 Bxa3 35. b5 Kf8 0-1

[Event "CAN-ch"]
[Site "Richmond CAN"]
[Date "2002.03.29"]
[Round "9.17"]
[White "Yousefzadeh, Mehrdad"]
[Black "Mayo, Alvah"]
[Result "1-0"]
[WhiteElo "2024"]
[BlackElo "2154"]
[PlyCount "145"]
[EventDate "2002.03.21"]
[EventType "swiss"]
[EventRounds "11"]
[EventCountry "CAN"]

1. d4 g6 2. e4 Bg7 3. Be3 c5 4. Ne2 Qb6 5. b3 Nc6 6. c3 cxd4 7. Nxd4 Qd8 8. Be2
Nf6 9. f3 O-O 10. O-O d6 11. Qd2 Bd7 12. Rd1 a6 13. c4 Qb8 14. Nc3 Nxd4 15.
Bxd4 b5 16. Rac1 b4 17. Bxf6 Bxf6 18. Nd5 Kg7 19. Qxb4 Qxb4 20. Nxb4 Be5 21.
Nd5 e6 22. Nb6 Ra7 23. Nxd7 Rxd7 24. c5 a5 25. c6 Rc7 26. Bb5 Rb8 27. Ba4 Bb2
28. Rc4 Ba3 29. Kf2 Kf6 30. Ke3 Ke7 31. f4 h5 32. Kf3 Rh8 33. g3 Rb8 34. h3 Rh8
35. Bb5 Rb8 36. Ba6 Rb4 37. Rxb4 Bxb4 38. Bb5 f5 39. e5 d5 40. g4 hxg4+ 41.
hxg4 Kf7 42. Rh1 Kg7 43. gxf5 gxf5 44. Ke3 Ra7 45. Kd3 Rc7 46. Kc2 Ba3 47. Rh2
Bc5 48. Kb2 Bd4+ 49. Ka3 Be3 50. Rh4 d4 51. Kb2 d3 52. Kc3 d2 53. Kc2 Kg6 54.
Kd1 Kg7 55. Ba4 Ra7 56. a3 Kg6 57. Ke2 Kg7 58. Bb5 Kg6 59. Bc4 Rc7 60. Bb5 Kg7
61. b4 axb4 62. axb4 Ra7 63. Bd3 Ra1 64. Bc2 Re1+ 65. Kd3 d1=Q+ 66. Bxd1 Rxd1+
67. Kxe3 Rb1 68. Rh2 Rxb4 69. Rc2 Rb8 70. Kd4 Kf7 71. Kc5 Ke7 72. c7 Ra8 73.
Kc6 1-0

[Event "CAN-ch"]
[Site "Richmond CAN"]
[Date "2002.03.29"]
[Round "9.18"]
[White "Stanford, Mike"]
[Black "Salcedo, Daniel"]
[Result "1-0"]
[WhiteElo "2173"]
[BlackElo "2158"]
[PlyCount "69"]
[EventDate "2002.03.21"]
[EventType "swiss"]
[EventRounds "11"]
[EventCountry "CAN"]

1. e4 d6 2. d4 Nf6 3. Nc3 g6 4. Be3 c6 5. h3 Nbd7 6. f4 Bg7 7. e5 Nd5 8. Nxd5
cxd5 9. Qf3 e6 10. c3 Qe7 11. Qg3 a5 12. Nf3 Nb6 13. exd6 Qxd6 14. Ne5 Bd7 15.
Bd3 Nc8 16. a4 Ne7 17. Nxd7 Qxd7 18. Bb5 Nc6 19. O-O O-O 20. Qf3 Qd6 21. g4 Ne7
22. Bf2 Qb6 23. Bh4 Nc8 24. f5 exf5 25. gxf5 Qd6 26. Qe3 f6 27. Bg3 Qd8 28.
Qe6+ Kh8 29. fxg6 hxg6 30. Rae1 Kh7 31. Bd3 f5 32. Rf4 Bf6 33. Rxf5 Kg7 34.
Rxd5 Qe7 35. Rd7 1-0

[Event "CAN-ch"]
[Site "Richmond CAN"]
[Date "2002.03.30"]
[Round "10.2"]
[White "Spraggett, Kevin"]
[Black "Ross, Dave"]
[Result "1-0"]
[WhiteElo "2629"]
[BlackElo "2397"]
[PlyCount "171"]
[EventDate "2002.03.21"]
[EventType "swiss"]
[EventRounds "11"]
[EventCountry "CAN"]

1. e4 e6 2. d4 d5 3. Nc3 Bb4 4. e5 c5 5. a3 Ba5 6. b4 cxd4 7. Nb5 Bc7 8. f4 Bd7
9. Nxc7+ Qxc7 10. Bd3 Ba4 11. Bb2 Ne7 12. Nf3 Nbc6 13. Qd2 a6 14. Nxd4 Nxd4 15.
Bxd4 Bb5 16. O-O Nf5 17. Bc5 b6 18. Bf2 h5 19. Rfc1 Bc4 20. Bxf5 exf5 21. a4
Rh6 22. Ra3 Re6 23. a5 b5 24. Bd4 Qc6 25. Rh3 g6 26. Qf2 O-O-O 27. Rd1 Rde8 28.
Rh4 Qd7 29. Rh3 Kb7 30. Re3 Rc6 31. Qf3 Qe6 32. Rd2 Rcc8 33. Qd1 Kc6 34. Rg3
Kb7 35. h3 Rh8 36. c3 Rhd8 37. Kh2 Rh8 38. Qe1 Rhe8 39. Bf2 Ra8 40. Qe3 Qc6 41.
Qd4 Qe6 42. Re3 Rec8 43. Re1 Re8 44. Kg1 Rec8 45. Rb2 Rc6 46. Bh4 Re8 47. Kf2
Qc8 48. Kg1 Qe6 49. Rd1 Ra8 50. Qe3 Re8 51. Qf3 Rec8 52. Rd4 Kb8 53. Kf2 Qd7
54. Ke1 Qe6 55. Kd2 R6c7 56. Kc2 Rc6 57. Kb1 R6c7 58. Ka1 Rc6 59. Qd1 R6c7 60.
Rbd2 Rc6 61. Kb2 R6c7 62. Qf3 Rc6 63. Rc2 R6c7 64. Rc1 Rc6 65. Qe3 R6c7 66. Re1
Rc6 67. Bf2 R8c7 68. g3 Qc8 69. Rd2 Qe6 70. Qd4 Rd7 71. Be3 Kc8 72. Rg2 Rd8 73.
Rh1 Kd7 74. g4 hxg4 75. hxg4 fxg4 76. f5 gxf5 77. Rh6 Qxh6 78. Bxh6 Rxh6 79.
Qf4 Rh5 80. Rxg4 Rdh8 81. Rg2 R8h6 82. Qf2 Ke6 83. Qc5 Kxe5 84. Qe7+ Kf4 85.
Rf2+ Kg4 86. Qe3 1-0

[Event "CAN-ch"]
[Site "Richmond CAN"]
[Date "2002.03.30"]
[Round "10.7"]
[White "Herder, David"]
[Black "Zubac, Marius"]
[Result "1-0"]
[WhiteElo "2273"]
[BlackElo "2231"]
[PlyCount "97"]
[EventDate "2002.03.21"]
[EventType "swiss"]
[EventRounds "11"]
[EventCountry "CAN"]

1. d4 f5 2. Bg5 g6 3. Nd2 d5 4. e3 Bg7 5. h4 h6 6. Bf4 Nf6 7. c4 Nc6 8. Nh3 Be6
9. Qb3 Rb8 10. c5 O-O 11. Bb5 Qc8 12. Qa3 Bd7 13. Bxc6 Bxc6 14. O-O Ng4 15. Nf3
Re8 16. Ne5 Nxe5 17. Bxe5 Bxe5 18. dxe5 Qe6 19. Qc3 Kh7 20. Qd4 Qf7 21. b4 Bb5
22. Rfe1 Bc4 23. g3 Rg8 24. Kg2 e6 25. f3 Qe7 26. a4 b6 27. Rab1 a5 28. cxb6
axb4 29. a5 c5 30. Qd2 Ra8 31. Ra1 Ra6 32. e4 Rga8 33. exd5 exd5 34. e6 d4 35.
Qc2 Bb5 36. Nf4 Rd8 37. Re5 d3 38. Qxc5 Qxc5 39. Rxc5 d2 40. Rxb5 b3 41. e7 Re8
42. Nd5 Kg7 43. Rd1 b2 44. Nc7 Rxe7 45. Nxa6 Re1 46. Rxd2 b1=Q 47. Rxb1 Rxb1
48. Rd7+ Kf6 49. b7 1-0

[Event "CAN-ch"]
[Site "Richmond CAN"]
[Date "2002.03.30"]
[Round "10.9"]
[White "McLaren, Brian"]
[Black "Patterson, Roger"]
[Result "1/2-1/2"]
[WhiteElo "2290"]
[BlackElo "2214"]
[PlyCount "100"]
[EventDate "2002.03.21"]
[EventType "swiss"]
[EventRounds "11"]
[EventCountry "CAN"]

1. e4 c5 2. Nc3 Nc6 3. g3 g6 4. Bg2 Bg7 5. d3 d6 6. Be3 Rb8 7. Qd2 e6 8. Nge2
Nd4 9. Nc1 b5 10. Nd1 Ne7 11. c3 Ndc6 12. Bh6 O-O 13. h4 f6 14. Bxg7 Kxg7 15.
h5 g5 16. f4 h6 17. Ne3 b4 18. Ne2 bxc3 19. bxc3 Bd7 20. O-O Qb6 21. Rf2 Na5
22. Rc1 Qb2 23. Rc2 Qa1+ 24. Rf1 Rb1 25. Rcc1 Qb2 26. Rc2 Qa1 27. Kh2 Rxf1 28.
Bxf1 Rb8 29. Rc1 Qb2 30. Rc2 Qa1 31. Rc1 Qb2 32. Qc2 Qxc2 33. Rxc2 Be8 34. Bh3
e5 35. Bg4 Rb1 36. Kg2 Bf7 37. d4 Nc4 38. Kf2 Ra1 39. fxe5 fxe5 40. d5 Nxe3 41.
Kxe3 Rb1 42. Nc1 Ng8 43. Be2 Nf6 44. g4 Be8 45. Nd3 Bd7 46. Nf2 Kf7 47. c4 Ke7
48. Rc3 Kd8 49. Rb3 Rxb3+ 50. axb3 Kc7 1/2-1/2

[Event "CAN-ch"]
[Site "Richmond CAN"]
[Date "2002.03.30"]
[Round "10.10"]
[White "Huber, Greg"]
[Black "Gardner, Robert"]
[Result "1/2-1/2"]
[WhiteElo "2303"]
[BlackElo "2268"]
[PlyCount "66"]
[EventDate "2002.03.21"]
[EventType "swiss"]
[EventRounds "11"]
[EventCountry "CAN"]

1. e4 c5 2. Nf3 Nc6 3. d4 cxd4 4. Nxd4 Nf6 5. Nc3 e5 6. Ndb5 d6 7. Bg5 a6 8.
Na3 b5 9. Nd5 Be7 10. Bxf6 Bxf6 11. c3 Bg5 12. Nc2 O-O 13. Nce3 Rb8 14. b4 g6
15. Bd3 Be6 16. O-O Ne7 17. a4 f5 18. axb5 Bxd5 19. Nxd5 Nxd5 20. Qb3 fxe4 21.
Bxe4 axb5 22. Qxd5+ Kh8 23. Rad1 Rf6 24. Rd3 Qb6 25. Qc6 Qa7 26. Rf3 Rxf3 27.
Bxf3 Qb6 28. Rd1 Qxc6 29. Bxc6 Be7 30. Kf1 Rc8 31. Bxb5 Rxc3 32. Be2 d5 33.
Rxd5 Bxb4 1/2-1/2

[Event "CAN-ch"]
[Site "Richmond CAN"]
[Date "2002.03.30"]
[Round "10.11"]
[White "Kret, Ted"]
[Black "Ristovic, Nenad"]
[Result "0-1"]
[WhiteElo "2190"]
[BlackElo "2346"]
[PlyCount "84"]
[EventDate "2002.03.21"]
[EventType "swiss"]
[EventRounds "11"]
[EventCountry "CAN"]

1. d4 d5 2. c4 e6 3. Nf3 c6 4. e3 f5 5. g4 Nf6 6. Ne5 fxg4 7. Nxg4 Nbd7 8. Nc3
Be7 9. Rg1 O-O 10. Bd2 Nxg4 11. Qxg4 Rf7 12. O-O-O e5 13. Qg2 exd4 14. exd4 Nf6
15. Bh6 Ng4 16. Be3 Bh4 17. cxd5 Nxf2 18. Bc4 Bh3 19. Bxf2 Bxg2 20. Bxh4 Qxh4
21. Rxg2 Kh8 22. dxc6 Rc7 23. cxb7 Rd8 24. Bb3 Rxb7 25. d5 g6 26. Kb1 Rd6 27.
Re2 Rb4 28. Bc2 Rd4 29. Rxd4 Qxd4 30. a4 a6 31. Ka2 Rb6 32. Re4 Qf2 33. Re2 Qf4
34. Bb1 Rb4 35. Be4 Kg7 36. Ka3 Qd6 37. Ka2 Qc5 38. h4 Rxa4+ 39. Nxa4 Qc4+ 40.
Ka3 Qxe2 41. Nc3 Qc4 42. Bf3 Qxh4 0-1

[Event "CAN-ch"]
[Site "Richmond CAN"]
[Date "2002.03.30"]
[Round "10.12"]
[White "Sokourinski, Sergei"]
[Black "Bogle, Bill"]
[Result "1-0"]
[WhiteElo "2266"]
[BlackElo "2164"]
[PlyCount "95"]
[EventDate "2002.03.21"]
[EventType "swiss"]
[EventRounds "11"]
[EventCountry "CAN"]

1. d4 Nf6 2. Nf3 d5 3. c4 e6 4. cxd5 exd5 5. Bg5 Nbd7 6. e3 Bd6 7. Nc3 c6 8.
Bd3 Nf8 9. Qc2 Bg4 10. Ne5 Bh5 11. f4 h6 12. Bh4 g5 13. fxg5 Bxe5 14. gxf6 Bxf6
15. Bxf6 Qxf6 16. Rf1 Qe7 17. Rf5 Bg4 18. Re5 Be6 19. Qf2 Nd7 20. Rh5 Nf6 21.
Rh4 Ng4 22. Qg3 Nxe3 23. Kf2 Nf5 24. Bxf5 Bxf5 25. Re1 Be6 26. Rg4 O-O-O 27.
Rg7 Qf6+ 28. Kg1 Qxd4+ 29. Kh1 Qf6 30. Nb5 Rd7 31. Nxa7+ Kd8 32. Qb8+ Ke7 33.
Qxh8 Rd8 34. Nc8+ Rxc8 35. Qxc8 Qxg7 36. Qxb7+ Kd6 37. Qb8+ Ke7 38. Qc7+ Kf6
39. Qxc6 Qg4 40. Qd6 d4 41. Qe5+ Kg6 42. Qe4+ Qf5 43. Qxd4 Qa5 44. Qd3+ Bf5 45.
Qd6+ f6 46. Rf1 Qxa2 47. Qf4 Qd5 48. Qxf5+ 1-0

[Event "CAN-ch"]
[Site "Richmond CAN"]
[Date "2002.03.30"]
[Round "10.13"]
[White "Haessel, Dale"]
[Black "Poitras, Luc"]
[Result "0-1"]
[WhiteElo "2263"]
[BlackElo "2221"]
[PlyCount "84"]
[EventDate "2002.03.21"]
[EventType "swiss"]
[EventRounds "11"]
[EventCountry "CAN"]

1. c4 e5 2. g3 Nf6 3. Bg2 d5 4. cxd5 Nxd5 5. Nf3 Nc6 6. O-O Nb6 7. d3 Be7 8. a3
a5 9. b3 O-O 10. Bb2 f6 11. Nbd2 Be6 12. Rc1 Rf7 13. Ne4 Qf8 14. Ra1 h6 15. Nc3
f5 16. Nb5 Bf6 17. Qc2 Bd5 18. e4 fxe4 19. dxe4 Be6 20. Rad1 a4 21. Nd2 axb3
22. Nxb3 Bc4 23. Nc3 Bxf1 24. Bxf1 Kh8 25. Nb5 Rd8 26. Rxd8 Qxd8 27. Nc5 Qc8
28. Qe2 Be7 29. Qh5 Qf8 30. Ne6 Qg8 31. Nexc7 Bc5 32. Bxe5 Nxe5 33. Qxe5 Bxf2+
34. Kg2 Be3 35. Bd3 Rf2+ 36. Kh3 Rd2 37. Bb1 Bg1 38. Nd6 Nd7 39. Qe7 Rxh2+ 40.
Kg4 Nf6+ 41. Kf5 Rf2+ 42. Kg6 Qh7+ 0-1

[Event "CAN-ch"]
[Site "Richmond CAN"]
[Date "2002.03.30"]
[Round "10.14"]
[White "Jiganchine, Roman"]
[Black "Divljan, Igor"]
[Result "0-1"]
[WhiteElo "2219"]
[BlackElo "2242"]
[PlyCount "78"]
[EventDate "2002.03.21"]
[EventType "swiss"]
[EventRounds "11"]
[EventCountry "CAN"]

1. e4 c5 2. c3 Nf6 3. e5 Nd5 4. d4 cxd4 5. Nf3 e6 6. cxd4 d6 7. Bd3 Nb4 8. Bb5+
Bd7 9. Be2 Bc6 10. O-O Nd7 11. Bf4 Nd5 12. Bg3 dxe5 13. dxe5 Nc5 14. Na3 Be7
15. Nc4 O-O 16. Nd4 Qc7 17. Nxc6 bxc6 18. Bf3 a5 19. Qe2 Rfb8 20. Rfd1 Rb4 21.
Rac1 Rab8 22. Rc2 Na4 23. Qd2 Qa7 24. b3 Nc5 25. Nb2 a4 26. Nxa4 Nxa4 27. bxa4
Qxa4 28. h3 h6 29. Qd3 Rb2 30. Rc4 Qxa2 31. Rdc1 Rd2 32. Qe4 Nb4 33. Qg4 Nd3
34. Rf1 Bc5 35. Be4 Bxf2+ 36. Bxf2 Nxf2 37. Qf4 Nxe4 38. Qxe4 Rbb2 39. Kh1 Rxg2
0-1

[Event "CAN-ch"]
[Site "Richmond CAN"]
[Date "2002.03.30"]
[Round "10.15"]
[White "Sladek, Vaclav"]
[Black "Milicevic, Dragoljub"]
[Result "1/2-1/2"]
[WhiteElo "2085"]
[BlackElo "2323"]
[PlyCount "67"]
[EventDate "2002.03.21"]
[EventType "swiss"]
[EventRounds "11"]
[EventCountry "CAN"]

1. d4 f5 2. Bg5 g6 3. Nd2 d5 4. e3 Bg7 5. c4 c6 6. Qb3 h6 7. Bh4 g5 8. Bg3 e6
9. h4 Nd7 10. Bd3 Qf6 11. hxg5 hxg5 12. Rxh8 Bxh8 13. Ne2 Ne7 14. O-O-O b6 15.
Nf3 Qh6 16. Kb1 a5 17. Bd6 dxc4 18. Qxc4 Ba6 19. Qc2 Bxd3 20. Qxd3 Nd5 21. a3
b5 22. Rc1 Rc8 23. Ng3 Qg6 24. Rh1 Bf6 25. Ne5 Bxe5 26. dxe5 Kf7 27. Ne2 Qg7
28. e4 fxe4 29. Qxe4 Rh8 30. Rxh8 Qxh8 31. Nd4 Qh6 32. Nxc6 b4 33. axb4 axb4
34. Nxb4 1/2-1/2

[Event "CAN-ch"]
[Site "Richmond CAN"]
[Date "2002.03.30"]
[Round "10.16"]
[White "Stanford, Mike"]
[Black "Yousefzadeh, Mehrdad"]
[Result "1-0"]
[WhiteElo "2173"]
[BlackElo "2024"]
[PlyCount "99"]
[EventDate "2002.03.21"]
[EventType "swiss"]
[EventRounds "11"]
[EventCountry "CAN"]

1. e4 Nf6 2. e5 Nd5 3. d4 d6 4. Nf3 Bf5 5. a3 Nc6 6. exd6 exd6 7. c4 Nf6 8. Nc3
Be7 9. Be2 O-O 10. O-O Re8 11. d5 Ne5 12. Nd4 Bd7 13. f4 Ng6 14. Qd3 Bf8 15. h3
c5 16. dxc6 bxc6 17. Bf3 Qb6 18. Be3 Nh4 19. Be2 c5 20. Nf3 Nf5 21. Bf2 Qb7 22.
g4 Ne7 23. b4 Ng6 24. Be3 Ne4 25. Nd2 Ng3 26. Bf3 Bc6 27. Rf2 Nh4 28. Bxc6 Qxc6
29. Kh2 cxb4 30. axb4 a5 31. b5 Qd7 32. Kxg3 Ng6 33. Nd5 Qd8 34. Nf3 Be7 35. g5
h6 36. f5 Ne5 37. Nxe5 dxe5 38. f6 gxf6 39. gxf6 Bd6 40. Qe4 Kh8 41. Bxh6 Rg8+
42. Bg7+ Rxg7+ 43. fxg7+ Kg8 44. Qf5 e4+ 45. Kg2 Ra7 46. Nf6+ Kxg7 47. Qh7+ Kf8
48. Qg8+ Ke7 49. Nd5+ Kd7 50. Rxf7+ 1-0

[Event "CAN-ch"]
[Site "Richmond CAN"]
[Date "2002.03.30"]
[Round "10.17"]
[White "Leblanc, Paul"]
[Black "Mayo, Alvah"]
[Result "0-1"]
[WhiteElo "2085"]
[BlackElo "2154"]
[PlyCount "42"]
[EventDate "2002.03.21"]
[EventType "swiss"]
[EventRounds "11"]
[EventCountry "CAN"]

1. d4 Nf6 2. e3 b6 3. Nf3 Bb7 4. Bd3 c5 5. c3 d6 6. Nbd2 Nbd7 7. O-O g6 8. e4
e5 9. d5 Bg7 10. a4 O-O 11. Nc4 Qe7 12. Bg5 h6 13. Bd2 Kh7 14. Qb3 Rab8 15. Qc2
Nxe4 16. Bxe4 f5 17. Nfxe5 Bxe5 18. Bf3 Bxh2+ 19. Kh1 Qh4 20. Rfe1 Bg3+ 21. Kg1
Bxf2+ 0-1

[Event "CAN-ch"]
[Site "Richmond CAN"]
[Date "2002.03.30"]
[Round "10.18"]
[White "Salcedo, Daniel"]
[Black "Hladek, David"]
[Result "1/2-1/2"]
[WhiteElo "2158"]
[BlackElo "2063"]
[PlyCount "115"]
[EventDate "2002.03.21"]
[EventType "swiss"]
[EventRounds "11"]
[EventCountry "CAN"]

1. d4 Nf6 2. c4 c5 3. d5 b5 4. cxb5 a6 5. bxa6 Bxa6 6. Nc3 g6 7. Nf3 d6 8. Nd2
Qa5 9. g3 Bg7 10. Bg2 O-O 11. O-O Nbd7 12. Re1 Rfb8 13. Qc2 c4 14. Rb1 Rc8 15.
Nf1 Rab8 16. Bd2 Nc5 17. Ne3 Nfd7 18. h4 Rc7 19. h5 Rcb7 20. Ned1 Qd8 21. hxg6
hxg6 22. Bh3 Bd4 23. Kg2 Qf8 24. Rh1 Bg7 25. f4 Qe8 26. f5 Ne5 27. Bf4 Rb4 28.
Qd2 Bc8 29. Bxe5 dxe5 30. Qe3 Na4 31. Qd2 Nxc3 32. Nxc3 gxf5 33. e4 fxe4 34.
Bxc8 Qxc8 35. Qe2 Qf5 36. Rhf1 Qg6 37. Nxe4 f5 38. Nc3 e4 39. a3 Rb3 40. d6
exd6 41. Qxc4+ Qf7 42. Qxf7+ Kxf7 43. Nxe4 Rxb2+ 44. Rxb2 Rxb2+ 45. Rf2 Rxf2+
46. Nxf2 Ke6 47. Kf3 Kd5 48. Nd1 Kc4 49. Ne3+ Kb3 50. Nxf5 Be5 51. g4 Kxa3 52.
Ke4 Kb4 53. Kd5 Bf4 54. Nd4 Bc1 55. Kxd6 Kc4 56. Ke5 Kc5 57. Kf6 Kxd4 58. g5
1/2-1/2

[Event "CAN-ch"]
[Site "Richmond CAN"]
[Date "2002.03.31"]
[Round "11.1"]
[White "Reeve, Jeff"]
[Black "Spraggett, Kevin"]
[Result "0-1"]
[WhiteElo "2348"]
[BlackElo "2629"]
[PlyCount "158"]
[EventDate "2002.03.21"]
[EventType "swiss"]
[EventRounds "11"]
[EventCountry "CAN"]

1. e4 c5 2. Nf3 e6 3. d4 cxd4 4. Nxd4 a6 5. Bd3 Nf6 6. O-O d6 7. c4 g6 8. Nc3
Bg7 9. Be3 O-O 10. h3 b6 11. Qd2 Bb7 12. Rfd1 Qc7 13. Rac1 Nbd7 14. b3 Rfd8 15.
f3 Rac8 16. Bf1 Qb8 17. Qf2 h6 18. Nde2 Bc6 19. Nd4 Ba8 20. Bd3 Re8 21. Bf1 Kh7
22. Kh1 Rcd8 23. Kg1 Bf8 24. Bd3 Bg7 25. Bf1 Nh5 26. Bd3 Rc8 27. Be2 Nhf6 28.
Bf1 Rc7 29. Qg3 Bf8 30. Bd3 Qc8 31. Nde2 Qb7 32. Qf2 Rcc8 33. Bd4 Bg7 34. Kh1
Nc5 35. Bb1 Qc7 36. Qe3 e5 37. Bxc5 bxc5 38. Nd5 Nxd5 39. cxd5 a5 40. Bd3 Bb7
41. Nc3 h5 42. Rc2 Ra8 43. Kg1 Rf8 44. Qe2 Bh6 45. g3 Bc8 46. Kg2 Qd8 47. a4
Ra7 48. Rb2 f5 49. Qf2 Kg8 50. Rh1 Raf7 51. Rbb1 Bg5 52. Rbf1 h4 53. gxh4 Bxh4
54. Qd2 Bg5 55. Qe2 Rh7 56. Rfg1 Kh8 57. Kf1 Qf6 58. Ke1 Rb7 59. Bc4 Bh6 60. h4
Bf4 61. Kd1 Rh7 62. Qg2 Be3 63. Rf1 f4 64. Kc2 Kg7 65. Nb5 Qe7 66. Rh2 Rfh8 67.
Rfh1 Rh5 68. Bf1 c4 69. Bxc4 Bc5 70. Qd2 Qd8 71. Qe1 g5 72. Rg2 Kf7 73. Rxg5
Qxg5 74. hxg5 Rxh1 75. Qxa5 R8h2+ 76. Kc3 Rc1+ 77. Kd3 Bh3 78. Nc3 Bf1+ 79. Ne2
Bxe2+ 0-1

[Event "CAN-ch"]
[Site "Richmond CAN"]
[Date "2002.03.31"]
[Round "11.6"]
[White "Yoos, John"]
[Black "Neven, Knut"]
[Result "1-0"]
[WhiteElo "2425"]
[BlackElo "2309"]
[PlyCount "91"]
[EventDate "2002.03.21"]
[EventType "swiss"]
[EventRounds "11"]
[EventCountry "CAN"]

1. e4 e6 2. d4 d5 3. e5 c5 4. c3 Nc6 5. Nf3 Nge7 6. a3 Bd7 7. h4 h6 8. b4 cxd4
9. cxd4 Rc8 10. Bb2 Qb6 11. Qd2 a6 12. Nc3 Na7 13. Bd3 Bb5 14. Nxb5 axb5 15.
O-O Nec6 16. Qf4 Be7 17. Rad1 Qd8 18. Qg3 g5 19. h5 Qb6 20. Nh2 Kd8 21. Qf3 Rf8
22. Ng4 Kc7 23. Bb1 Kb8 24. Nxh6 f5 25. exf6 Rxf6 26. Qg3+ Ka8 27. Bg6 Rcf8 28.
Qe3 Nc8 29. Ng4 Rf4 30. Qxe6 Nxd4 31. Qe3 Rxg4 32. Bxd4 Qd6 33. Be5 Qd7 34. Qh3
Nb6 35. Bd4 Bd8 36. f3 Rgf4 37. Qxd7 Nxd7 38. Bf2 Nb6 39. Bc5 Rg8 40. Rfe1 Na4
41. Be3 Bb6 42. Rxd5 g4 43. Rxb5 gxf3 44. Rxb6 f2+ 45. Bxf2 Nxb6 46. Bxb6 1-0

[Event "CAN-ch"]
[Site "Richmond CAN"]
[Date "2002.03.31"]
[Round "11.7"]
[White "Ross, Dave"]
[Black "Wu, Howard"]
[Result "1-0"]
[WhiteElo "2397"]
[BlackElo "2230"]
[PlyCount "57"]
[EventDate "2002.03.21"]
[EventType "swiss"]
[EventRounds "11"]
[EventCountry "CAN"]

1. c4 c5 2. Nf3 g6 3. e3 Bg7 4. Be2 Nf6 5. O-O O-O 6. d4 cxd4 7. exd4 d5 8. h3
dxc4 9. Bxc4 Nbd7 10. Nc3 Nb6 11. Bb3 Nbd5 12. Re1 b6 13. Ne5 Bb7 14. Bg5 Nxc3
15. bxc3 e6 16. Ng4 h5 17. Ne5 Qc7 18. Qd3 Nd5 19. Bd2 Ne7 20. Bc1 Rad8 21. Bf4
Bxe5 22. Rxe5 Qc6 23. f3 Nd5 24. Bd2 Kg7 25. c4 Nc7 26. Qe3 Qd6 27. Qh6+ Kg8
28. Bc3 Ne8 29. d5 1-0

[Event "CAN-ch"]
[Site "Richmond CAN"]
[Date "2002.03.31"]
[Round "11.8"]
[White "Lawson, Eric"]
[Black "McLaren, Brian"]
[Result "1-0"]
[WhiteElo "2200"]
[BlackElo "2290"]
[PlyCount "101"]
[EventDate "2002.03.21"]
[EventType "swiss"]
[EventRounds "11"]
[EventCountry "CAN"]

1. d4 c5 2. e4 cxd4 3. Nf3 Nc6 4. Nxd4 g6 5. Nc3 Bg7 6. Be3 Nf6 7. Nb3 d6 8.
Be2 Bd7 9. O-O a6 10. Nd5 Nxd5 11. exd5 Na5 12. Nxa5 Qxa5 13. Bd4 O-O 14. Bxg7
Kxg7 15. Qd4+ Kg8 16. Bf3 Rac8 17. c3 Qc5 18. Qd2 b5 19. Rfe1 e5 20. dxe6 fxe6
21. Rad1 d5 22. Re5 Qb6 23. h4 Rc4 24. h5 Rcf4 25. hxg6 hxg6 26. a3 Kg7 27.
Rde1 Qd8 28. R1e3 Qf6 29. Re2 Rh8 30. Bxd5 Qh4 31. g3 Qh2+ 32. Kf1 Qxg3 33.
R2e3 Qg4 34. Bg2 Bc8 35. R3e4 Rhf8 36. Rxf4 Rxf4 37. Rc5 e5 38. Rxe5 Rf7 39.
Qd4 Qxd4 40. cxd4 Bf5 41. Ke2 Rc7 42. Rc5 Re7+ 43. Kd2 Bd7 44. Rc7 Kf6 45. Bc6
Bxc6 46. Rxc6+ Kf5 47. Rxa6 Ke4 48. Rxg6 Kxd4 49. Rg4+ Kd5 50. Rb4 Rf7 51. f4
1-0